| 000 | 00545nam a2200145 a 4500 | ||
|---|---|---|---|
| 001 | 000037105 | ||
| 005 | 20200930080138.0 | ||
| 008 | 120214s1964 ag 000 0 spa d | ||
| 040 |
_aDO-SdBNP _bspa _cBNPHU |
||
| 100 | 1 |
_aFrancisco, Clyde T. _963513 |
|
| 245 | 1 | 0 |
_aIntroducción al antiguo testamento : _bbasada en el Syllabus de Juan R. Sampey / _cClyde T. Francisco ; versión castellana por Juan Juan Lacué. |
| 260 |
_aBuenos Aires : _bCasa Bautista de Publicaciones, _c1964. |
||
| 300 |
_a347 p. ; _c22 cm. |
||
| 700 | 1 |
_aLacué, Juan Juan _963514 |
|
| 999 |
_c36595 _d36595 |
||